Statistics for Identifying Capitals on the Map: South America

Click here to take the quiz!

General Stats

  • This quiz has been taken 31 times
  • The average score is 10 of 12

Answers on the Map

Answers color-coded by a green-red scale on the quiz's map according to % correct below.
 

Answer Stats

Answer% Correct
Quito
100%
Brasília
96%
Bogotá
92%
Caracas
92%
Lima
92%
Santiago
92%
Montevideo
88%
Asunción
83%
Buenos Aires
83%
Paramaribo
79%
Sucre
79%
Georgetown
71%

Score Distribution

Percentile by Number Answered

Percent of People with Each Score

Your Score History

You have not taken this quiz